00544nam a22001697a 450000500170000001000150001702000260003203500140005803700130007208200120008510000210009724500880011826000470020627000550025330000220030850000440033020180523151826.0 aENG-123083 a9789386338335c495.00 aEN-106615 bDBAD/PUB a881.914 aNerlekar, Anjali aBombay Modern :cby Anjali NerlekarbArun kolatkar and bilingual literary culture / aNew DelhibSpeaking Tiger Publishingc2017 a4381/4, Ansari Road, Daryaganj,bNew Delhie110002 a292p.c22cm.(pbk) aIt include notes bibliography and index